Southville International School and Colleges
Your cart is empty.
  • Cart
  • Lists
    Public lists Eva Luna New books Lux_list list_1
    Your lists Log in to create your own lists
  • Log in to your account
  • Your cookies
  • Search history
Southville International School and Colleges
  • Advanced search
  • Recent comments
  • Most popular
  • Libraries

Log in to your account

Log in with GOOGLE


If you do not have an external account, but do have a local account, you can still log in:

  1. Home
  2. MARC view: The Ultimate french review and practice/
Normal view MARC view ISBD view

The Ultimate french review and practice/ (Record no. 360342)

[ view plain ]
MARC details
000 -LEADER
fixed length control field 00557nam a2200193Ia 4500
003 - CONTROL NUMBER IDENTIFIER
control field SISC
005 - DATE AND TIME OF LATEST TRANSACTION
control field 20190115092139.0
008 - FIXED-LENGTH DATA ELEMENTS--GENERAL INFORMATION
fixed length control field 190115s9999 xx 000 0 und d
020 ## - INTERNATIONAL STANDARD BOOK NUMBER
International Standard Book Number 9780071849296
050 ## - LIBRARY OF CONGRESS CALL NUMBER
Classification number PC 2129.E5
Item number .St857 2016
100 ## - MAIN ENTRY--PERSONAL NAME
Personal name Stillman, David M.
245 ## - TITLE STATEMENT
Statement of responsibility, etc David M. Stillman, Ronni L. Gordon
Title The Ultimate french review and practice/
250 ## - EDITION STATEMENT
Edition statement 3rd. ed.
260 ## - PUBLICATION, DISTRIBUTION, ETC. (IMPRINT)
Place of publication, distribution, etc NY:
Name of publisher, distributor, etc McGraw Hill Education
Date of publication, distribution, etc 2016
300 ## - PHYSICAL DESCRIPTION
Extent xvi, 426 pages :
Dimensions 250 cm.
500 ## - GENERAL NOTE
General note Includes index
650 ## - SUBJECT ADDED ENTRY--TOPICAL TERM
Topical term or geographic name as entry element French language
942 ## - ADDED ENTRY ELEMENTS (KOHA)
Source of classification or shelving scheme Library of Congress Classification
Koha item type Books
Holdings
Withdrawn status Lost status Damaged status Home library Current library Shelving location Date acquired Source of acquisition Total Checkouts Full call number Barcode Date last seen Price effective from Koha item type
          Teachers Reference Section 01/15/2019     PC 2129.E5 .St857 2016 20703 01/15/2019 01/15/2019  

The Ultimate french review and practice/

APA

Stillman D. M., . (2016). The Ultimate french review and practice. NY: McGraw Hill Education.

Chicago

Stillman David M, . 2016. The Ultimate french review and practice. NY: McGraw Hill Education.

Harvard

Stillman D. M., . (2016). The Ultimate french review and practice. NY: McGraw Hill Education.

MLA

Stillman David M, . The Ultimate french review and practice. NY: McGraw Hill Education. 2016.

  • Place hold
  • Print
  • Cite
  • Add to your cart (remove)
  • Save record
    BIBTEX Dublin Core MARCXML MARC (non-Unicode/MARC-8) MARC (Unicode/UTF-8) MARC (Unicode/UTF-8, Standard) MODS (XML) RIS
  • More searches
    Search for this title in:
    Other Libraries (WorldCat) Other Databases (Google Scholar) Online Stores (Bookfinder.com) Open Library (openlibrary.org)

Exporting to Dublin Core...

SOUTHVILLE LIBRARY

Southville International School and Colleges Library

1281 Tropical Ave. Cor. Luxembourg St., BF Homes International, Las Pinas City

Tel. No. 8256374 / 252358 Loc. 117/146

Powered by Koha